| 000 | 00509nam a22001817a 4500 | ||
|---|---|---|---|
| 005 | 20170228111759.0 | ||
| 010 | _aENG-117350 | ||
| 020 |
_a9788184303995 _c400.00 |
||
| 035 | _aEN-100882 | ||
| 037 | _bDBAD/PUB | ||
| 082 | _a884 | ||
| 100 | _aSawant,Chitranjan | ||
| 245 |
_aLiving life loving life / _cby Chitranjan Sawant |
||
| 260 |
_aNew Delhi _bOcean Books _c2016 |
||
| 270 |
_a4/19, Asaf Ali Road, _bNew Delhi _e110002 |
||
| 300 |
_a230p. _c22cm(Hb) |
||
| 942 |
_2ddc _cEN _h884 _mSAW |
||
| 999 |
_c137867 _d137867 |
||